| 000 -ლიდერი |
| ფიქსირებული სიგრძის საკონტროლო ველი |
00921nam a22001937a 4500 |
| 003 - საკონტროლო ნომრის იდენტიფიკატორი |
| საკონტროლო ველი |
Ge_BSU |
| 005 - ბოლო ოპერაციის თარიღი და დრო |
| საკონტროლო ველი |
20251020144411.0 |
| 008 - ფიქსირებული სიგრძის მონაცემთა ელემენტები - ზოგადი ინფორმაცია |
| ფიქსირებული სიგრძის საკონტროლო ველი |
251020s2000 ge ||||| |||| 00| 0 geo d |
| 041 ## - ენის კოდი |
| Language code of text/sound track or separate title |
geo |
| 080 ## - უნივერსალური ათობითი კლასიფიკაციის ინდექსი |
| Universal Decimal Classification number |
342.9 ს-20 |
| 100 ## - მთავარი ჩანაწერი - პიროვნების სახელი |
| Personal name |
სალხინაშვილი, მაკა |
| 9 (RLIN) |
17287 |
| 245 ## - ცნობა სათაურის შესახებ |
| Title |
ადმინისტრაციული სახდელები და მათი გამოყენება / |
| Statement of responsibility, etc |
მაკა სალხინაშვილი, ვალერი ლორია; [რედ.: გ. ნაჭყებია]. |
| 264 ## - წარმოების, გამოცემის, დისტრიბუციის და სხვა ცნობები |
| გამოცემის, წარმოების, დისტრიბუციის... ადგილი |
თბ. : |
| გამოცემის, წარმოების, დისტრიბუციის... სახელწოდება |
[ცოტნე], |
| გამოცემის, წარმოების, დისტრიბუციის... თარიღი |
2000. |
| 300 ## - ფიზიკური აღწერა |
| Extent |
266 გვ. ; |
| Other physical details |
20 სმ. |
| 504 ## - BIBLIOGRAPHY, ETC. NOTE |
| Bibliography, etc |
ბიბლიოგრ.: გვ. 257-263. |
| 653 ## - INDEX TERM--UNCONTROLLED |
| Uncontrolled term |
ადმინისტრაციული სამართალი |
| 700 ## - ADDED ENTRY--PERSONAL NAME |
| Personal name |
ლორია, ვალერი |
| Relator term |
ავტორი |
| 9 (RLIN) |
12576 |
| 942 ## - ADDED ENTRY ELEMENTS (KOHA) |
| Source of classification or shelving scheme |
|
| Koha item type |
წიგნი |